000 02076nam a2200373 a 4500
001 ASIN354088257X
003 Nust- CAS-E
005 20180118181403.0
008 140828s2011 xxu eng d
020 _a354088257X
_c$179.00
020 _a9783540882572
040 _c0
050 0 4 _aTK1541
082 0 4 _a621.45
_bADV 2011
245 1 0 _aAdvances in wind energy conversion technology /
_cMathew Sathyajith, Geeta Susan Philip.
250 _a2011th ed.
260 _a[S.l.] :
_bSpringer,
_c2011.
300 _a216 p. ;
_c24 cm.
490 1 _aEnvironmental science and engineering / environmental engineering.
520 _aWith an annual growth rate of over 35%, wind is the fastest growing energy source in the world today. As a result of intensive research and developmental efforts, the technology of generating energy from wind has significantly changed during the past five years. The book brings together all the latest aspects of wind energy conversion technology - right from the wind resource analysis to grid integration of the wind generated electricity. The chapters are contributed by academic and industrial experts having vast experience in these areas. Each chapter begins with an introduction explaining the current status of the technology and proceeds further to the advanced lever to cater for the needs of readers from different subject backgrounds. Extensive bibliography/references appended to each chapter give further guidance to the interested readers.
650 0 _aClimatic changes
650 0 _aEnvironmental management
650 0 _aEnvironmental protection
650 0 _aEnvironmental sciences
650 0 _aNature conservation
650 0 _aRenewable energy sources
650 0 _aWind energy conversion systems
650 0 _aWind turbines
700 1 _aPhilip, Geeta Susan.
700 1 _aSathyajith, Mathew.
830 0 _aEnvironmental science and engineering / environmental engineering.
856 4 0 _3Amazon.com
_uhttp://www.amazon.com/exec/obidos/ASIN/354088257X/chopaconline-20
942 _2ddc
_cBK
999 _c355481
_d355481